[Event "Amagermesterskabet 2015"]
[Site "Sundbyoster"]
[Date "2015.09.08"]
[Round "4"]
[White "Pedersen, Kim Michael"]
[Black "Rasmussen, Hans Glavind"]
[Result "1-0"]
[WhiteElo "1695"]
[BlackElo "1471"]
[PlyCount "59"]
[EventDate "2015.??.??"]

1. d4 d5 2. Nf3 Nf6 3. Bf4 e6 4. e3 c5 5. c3 Nc6 6. Nbd2 cxd4 7. exd4 Bd6 8.
Ne5 O-O 9. Bd3 Ne7 10. h4 Ng6 11. Bg3 Qc7 12. Qe2 h5 13. Rh3 Bxe5 14. Bxg6 fxg6
15. Bxe5 Qa5 16. f3 Bd7 17. Rg3 Bb5 18. Qe3 Kh7 19. Nb3 Qd8 20. Nc5 Qe7 21. Qg5
Be8 22. O-O-O b6 23. Nd3 Ng8 24. Qe3 Qxh4 25. Rh3 Qe7 26. g4 h4 27. g5 Nf6 28.
gxf6 gxf6 29. Rxh4+ Kg7 30. Qh6+ 1-0

[Event "Amagermesterskabet 2015"]
[Site "Sundbyoster"]
[Date "2015.09.08"]
[Round "4"]
[White "Pedersen, Ole"]
[Black "Haagen Larsen, Hans"]
[Result "1-0"]
[WhiteElo "1439"]
[BlackElo "1606"]
[PlyCount "88"]
[EventDate "2015.??.??"]

1. e4 e6 2. d3 d5 3. Nd2 c5 4. Ngf3 Bd6 5. g3 Nc6 6. Bg2 Nge7 7. O-O Qc7 8. Re1
Bd7 9. Qe2 f6 10. exd5 exd5 11. Nb3 O-O-O 12. Be3 d4 13. Bd2 g5 14. c3 g4 15.
Nh4 Kb8 16. cxd4 cxd4 17. Rac1 Qb6 18. Bh1 Rde8 19. Qd1 f5 20. Ng2 Nd5 21. a3
Ne5 22. Nf4 Nxf4 23. Bxf4 Ng6 24. Nc5 Bc8 25. Bxd6+ Qxd6 26. b4 h5 27. Qa4
Rxe1+ 28. Rxe1 Qb6 29. Bxb7 Rh7 30. Bxc8 Kxc8 31. Qe8+ Kc7 32. Re6 Re7 33.
Rxe7+ Nxe7 34. Qxe7+ Kc8 35. Qd7+ Kb8 36. Qxf5 Qc6 37. Qf4+ Kc8 38. Qxd4 a5 39.
Qh8+ Kc7 40. Qxh5 axb4 41. axb4 Qf3 42. Qe5+ Kb6 43. Qe3 Qd1+ 44. Kg2 Kb5 1-0

[Event "Amagermesterskabet 2015"]
[Site "Sundbyoster"]
[Date "2015.09.08"]
[Round "4"]
[White "Petersen, Nils"]
[Black "Lunding, Peter M"]
[Result "1-0"]
[WhiteElo "1906"]
[BlackElo "1876"]
[PlyCount "67"]
[EventDate "2015.??.??"]

1. c4 c6 2. g3 d5 3. Nf3 Nf6 4. Bg2 Bg4 5. Ne5 Bh5 6. cxd5 Nxd5 7. O-O f6 8.
Nf3 e6 9. e4 Nb6 10. d4 N8d7 11. Qb3 Bf7 12. e5 fxe5 13. Nxe5 Nxe5 14. dxe5 Qc7
15. f4 Bc5+ 16. Kh1 O-O-O 17. Nc3 Rd4 18. Ne4 Rb4 19. Qf3 Be7 20. a3 Rd4 21.
Be3 Rd3 22. Qe2 Rd7 23. Bxb6 Qxb6 24. b4 Kb8 25. Rac1 Rhd8 26. Nc5 Rd2 27. Qe3
Bxc5 28. bxc5 Qb2 29. Rb1 Rxg2 30. Rxb2 Rxb2 31. Rf2 Rb1+ 32. Kg2 Rdd1 33. Rd2
Rg1+ 34. Qxg1 1-0

[Event "Amagermesterskabet 2015"]
[Site "Sundbyoster"]
[Date "2015.09.08"]
[Round "4"]
[White "Rasmussen, Erik Elmer"]
[Black "Gade, Jens"]
[Result "0-1"]
[WhiteElo "1066"]
[BlackElo "1390"]
[PlyCount "64"]
[EventDate "2015.??.??"]

1. Nf3 Nf6 2. b3 d6 3. d4 Bg4 4. Bb2 e6 5. Qd3 Be7 6. h3 Bf5 7. Qe3 Bxc2 8.
Nbd2 Nd5 9. Qe4 Bxe4 10. Nxe4 O-O 11. h4 Nd7 12. h5 h6 13. g4 N7f6 14. Nxf6+
Bxf6 15. O-O-O Bg5+ 16. Kb1 f5 17. gxf5 exf5 18. e3 Qe7 19. Bc4 Qe4+ 20. Ka1
Qxf3 21. e4 Qxe4 22. Rhe1 Qf3 23. Rd3 Qg2 24. Rg3 Qxf2 25. Bxd5+ Kh8 26. Rgg1
c6 27. Rgf1 Qc2 28. Be6 Rae8 29. d5 cxd5 30. Rxf5 Rxf5 31. Bxg7+ Kxg7 32. Bxf5
Rxe1# 0-1

[Event "Amagermesterskabet 2015"]
[Site "Sundbyoster"]
[Date "2015.09.08"]
[Round "4"]
[White "Skovgaard, Ib"]
[Black "Hellegaard, Dennis"]
[Result "0-1"]
[WhiteElo "1978"]
[BlackElo "1859"]
[PlyCount "158"]
[EventDate "2015.??.??"]

1. e4 Nf6 2. e5 Nd5 3. d4 d6 4. c4 Nb6 5. exd6 exd6 6. Ne2 Nc6 7. Ng3 Be7 8. b3
O-O 9. Bb2 d5 10. c5 Nd7 11. Be2 b6 12. Bf3 Nf6 13. O-O Be6 14. Nd2 Ne8 15. Nc4
bxc5 16. dxc5 dxc4 17. Bxc6 Qxd1 18. Rfxd1 Rb8 19. Bd4 Bf6 20. Bxe8 Rfxe8 21.
Bxf6 gxf6 22. Nh5 Re7 23. Rac1 cxb3 24. axb3 c6 25. Rc3 Reb7 26. Rcd3 Kf8 27.
Nxf6 Ke7 28. Ne4 Rxb3 29. Rxb3 Rxb3 30. Ra1 Rb7 31. Nd6 Rc7 32. f4 Bd7 33. Kf2
Ke6 34. Re1+ Kd5 35. Re5+ Kd4 36. Rh5 Be6 37. f5 Bd5 38. f6 Kxc5 39. Ne4+ Kb4
40. Rxh7 a5 41. Rh8 a4 42. Rb8+ Kc4 43. Nd2+ Kd3 44. Nb1 c5 45. Rd8 Kd4 46. Na3
Ke5 47. Nb5 Rb7 48. Nc3 Bb3 49. Re8+ Kf5 50. Re7 Rb4 51. Rc7 Rc4 52. Nb5 Rc2+
53. Ke3 Kxf6 54. g4 Be6 55. h3 a3 56. g5+ Kxg5 57. Nxa3 Rc3+ 58. Ke4 Rxa3 59.
Rxc5+ Kh4 60. Kf4 Kxh3 61. Rh5+ Kg2 62. Rg5+ Kf2 63. Rc5 Ra4+ 64. Kg5 Ke3 65.
Rc3+ Ke4 66. Rc5 Bd5 67. Rb5 f5 68. Rb8 f4 69. Rf8 Ke3 70. Rf5 Bg2 71. Kh4 Be4
72. Rf8 f3 73. Kg3 Ra2 74. Rb8 Rg2+ 75. Kh3 Bf5+ 76. Kh4 f2 77. Rb3+ Kf4 78.
Rb4+ Be4 79. Kh3 f1=Q 0-1

[Event "Amagermesterskabet 2015"]
[Site "Sundbyoster"]
[Date "2015.09.08"]
[Round "4"]
[White "Sorensen, Ole"]
[Black "Petersen, Christian Skibsted"]
[Result "1-0"]
[WhiteElo "1612"]
[BlackElo "1728"]
[PlyCount "87"]
[EventDate "2015.??.??"]

1. Nf3 Nf6 2. g3 d5 3. Bg2 c5 4. d3 Nc6 5. O-O e5 6. e4 dxe4 7. dxe4 Qxd1 8.
Rxd1 Bg4 9. c3 h6 10. Na3 a6 11. Nc4 Be7 12. h3 Bxf3 13. Bxf3 b5 14. Nd6+ Bxd6
15. Rxd6 Na5 16. b3 Ke7 17. Rd1 Rad8 18. Be3 Nb7 19. Bg2 Rc8 20. f3 c4 21. b4
g5 22. a4 Rhd8 23. f4 gxf4 24. gxf4 Rxd1+ 25. Rxd1 Rg8 26. Kf2 Rxg2+ 27. Kxg2
Nxe4 28. axb5 axb5 29. Rc1 exf4 30. Bxf4 h5 31. Kf3 f5 32. h4 Nbd6 33. Be5 Nd2+
34. Kf4 Nf7 35. Kxf5 Nxe5 36. Kxe5 Nf3+ 37. Kd5 Nxh4 38. Rh1 Ng2 39. Kc5 h4 40.
Kxb5 Kd6 41. Kxc4 Kc6 42. b5+ Kb6 43. Kb4 Kc7 44. c4 1-0

[Event "Amagermesterskabet 2015"]
[Site "Sundbyoster"]
[Date "2015.09.08"]
[Round "4"]
[White "Tolba, Henri"]
[Black "Kibenich, Mikael"]
[Result "1-0"]
[WhiteElo "1633"]
[BlackElo "1461"]
[PlyCount "49"]
[EventDate "2015.??.??"]

1. c4 e6 2. e4 b6 3. Nc3 Bb7 4. d4 d5 5. cxd5 exd5 6. e5 Bb4 7. a3 Bxc3+ 8.
bxc3 Ne7 9. Bd3 Ba6 10. Bxa6 Nxa6 11. Qa4+ c6 12. Qxa6 b5 13. a4 Qb6 14. axb5
Qxb5 15. Qxb5 cxb5 16. Ra6 Kd7 17. Ba3 Nc6 18. Nf3 h6 19. h4 Rab8 20. O-O Rb7
21. Bc5 Nb8 22. Rd6+ Kc7 23. Rxd5 Na6 24. Ra1 Nxc5 25. Rxc5+ 1-0

[Event "Amagermesterskabet 2015"]
[Site "Sundbyoster"]
[Date "2015.09.08"]
[Round "4"]
[White "Varming, Thomas"]
[Black "Lontoft, Sven"]
[Result "1/2-1/2"]
[WhiteElo "1853"]
[BlackElo "1619"]
[PlyCount "50"]
[EventDate "2015.??.??"]

1. d4 Nf6 2. Nf3 d5 3. Bf4 Bf5 4. e3 e6 5. c3 Bd6 6. Ne5 O-O 7. Nd2 Nbd7 8.
Ndf3 Bxe5 9. dxe5 Ne4 10. h4 f6 11. exf6 Nexf6 12. Nd4 e5 13. Nxf5 exf4 14.
exf4 Qe8+ 15. Ne3 Qe4 16. Qd4 Rae8 17. Be2 Qxd4 18. cxd4 Re4 19. O-O-O Rxf4 20.
Bf3 c6 21. Rd2 Ne4 22. Bxe4 Rxe4 23. g3 Nf6 24. Nc2 Rfe8 25. Kd1 R4e6 1/2-1/2

[Event "Amagermesterskabet 2015"]
[Site "Sundbyoster"]
[Date "2015.09.22"]
[Round "5"]
[White "Dupont, Michael Kim"]
[Black "Larsen, Ulrik Jejlskov"]
[Result "1/2-1/2"]
[WhiteElo "1215"]
[BlackElo "1531"]
[PlyCount "57"]
[EventDate "2015.??.??"]

1. e4 d5 2. Nf3 dxe4 3. Ng5 Bf5 4. Bc4 e6 5. h4 h6 6. Nxf7 Kxf7 7. Qh5+ g6 8.
Qe2 Nf6 9. d3 exd3 10. cxd3 Nc6 11. Be3 Nd4 12. Bxd4 Qxd4 13. O-O Qxh4 14. Re1
Re8 15. Qf3 c6 16. Nd2 Bb4 17. g3 Qh3 18. Ne4 g5 19. a3 g4 20. Qf4 Nd5 21. Bxd5
cxd5 22. Qc7+ Re7 23. Nd6+ Bxd6 24. Qxd6 Bxd3 25. Rac1 Be4 26. Qf4+ Kg6 27.
Rxe4 dxe4 28. Qxe4+ Kf7 29. Qf4+ 1/2-1/2

[Event "Amagermesterskabet 2015"]
[Site "Sundbyoster"]
[Date "2015.09.22"]
[Round "5"]
[White "Gade, Jens"]
[Black "Giessing, Klaus Grenaa"]
[Result "1-0"]
[WhiteElo "1390"]
[BlackElo "1000"]
[PlyCount "35"]
[EventDate "2015.??.??"]

1. e4 e5 2. Nf3 d6 3. Be2 Nf6 4. Nc3 Be7 5. O-O Nc6 6. d4 exd4 7. Nxd4 Ne5 8.
f4 Neg4 9. h3 Nh6 10. e5 dxe5 11. fxe5 Nfg8 12. Nf3 Be6 13. Qxd8+ Bxd8 14. Ng5
Bd7 15. Bc4 f6 16. e6 Bc6 17. Nf7 Nxf7 18. exf7+ 1-0

[Event "Amagermesterskabet 2015"]
[Site "Sundbyoster"]
[Date "2015.09.22"]
[Round "5"]
[White "Goschal, Theodor Bogdan"]
[Black "Brorsen, Kristian"]
[Result "0-1"]
[WhiteElo "1095"]
[BlackElo "1189"]
[PlyCount "136"]
[EventDate "2015.??.??"]

1. Nf3 d5 2. d4 Bf5 3. Nbd2 Nc6 4. a3 g6 5. c3 Bg7 6. g3 Qd7 7. h3 h5 8. Bg2
O-O-O 9. O-O Bxh3 10. Ng5 Bxg2 11. Kxg2 Qf5 12. Ndf3 Nh6 13. Nh3 f6 14. Nh4 Qg4
15. f3 Qe6 16. Nxg6 Rhg8 17. Ngf4 Qd6 18. Nxh5 Nf5 19. Bf4 e5 20. dxe5 fxe5 21.
Bd2 e4 22. Bf4 Be5 23. Kf2 Bxf4 24. N5xf4 Qc5+ 25. Ke1 Ne3 26. Qd2 Nxf1 27.
Kxf1 Rd6 28. g4 Ne5 29. Qd4 Qxd4 30. cxd4 Nc4 31. b3 Na5 32. b4 Nc4 33. a4 exf3
34. exf3 Re8 35. Kf2 c6 36. b5 Kc7 37. Ng5 Rf6 38. Kg3 Kd6 39. Ng2 Nd2 40. f4
Ne4+ 41. Nxe4+ Rxe4 42. Rd1 a6 43. bxa6 bxa6 44. f5 Rf8 45. a5 Rb8 46. Nf4 Rb4
47. Ne6 Ra4 48. Nc5 Raxd4 49. Rxd4 Rxd4 50. Nxa6 c5 51. Nb8 c4 52. a6 Kc7 53.
a7 Kb7 54. f6 Rd1 55. g5 c3 56. f7 Rg1+ 57. Kf4 Rf1+ 58. Ke5 Rxf7 59. Kd4 c2
60. Kd3 c1=Q 61. g6 Rf3+ 62. Kd4 Qf4+ 63. Kxd5 Qf5+ 64. Kd6 Rd3+ 65. Ke7 Qe5+
66. Kf7 Rf3+ 67. Kg8 Qe8+ 68. Kg7 Qf8+ 0-1

[Event "Amagermesterskabet 2015"]
[Site "Sundbyoster"]
[Date "2015.09.22"]
[Round "5"]
[White "Hansen, Benny"]
[Black "Mathiesen, Bjarne"]
[Result "0-1"]
[WhiteElo "1317"]
[BlackElo "1517"]
[PlyCount "90"]
[EventDate "2015.??.??"]

1. e4 e5 2. Nf3 Nc6 3. Nc3 Bc5 4. Bb5 d6 5. d3 Bd7 6. O-O h6 7. Be3 Bxe3 8.
fxe3 a6 9. Bc4 Nf6 10. Qe2 Na5 11. Nd5 Nxc4 12. Nxf6+ Qxf6 13. Nd2 Qg6 14. Nxc4
O-O 15. Rf2 f6 16. Raf1 Rf7 17. Qe1 b6 18. Qc3 Raf8 19. Rf3 f5 20. Rg3 Qh7 21.
Nd2 Be6 22. exf5 Rxf5 23. Rxf5 Qxf5 24. Nf3 c5 25. Qe1 c4 26. Nh4 Qf7 27. h3
cxd3 28. cxd3 Rc8 29. Qd2 g5 30. e4 Kh7 31. Rf3 Qc7 32. Nf5 Bxa2 33. Rf1 Qc5+
34. Kh2 Be6 35. Nxh6 Qc7 36. Qxg5 Qg7 37. Qxg7+ Kxg7 38. Nf5+ Bxf5 39. Rxf5 Rc2
40. Rf3 Rxb2 41. Kg3 a5 42. Rf1 b5 43. Ra1 a4 44. Ra3 Rb3 45. Ra2 Rxd3+ 0-1

[Event "Amagermesterskabet 2015"]
[Site "Sundbyoster"]
[Date "2015.09.22"]
[Round "5"]
[White "Haugaard, Thomas"]
[Black "Lunding, Peter M"]
[Result "1/2-1/2"]
[WhiteElo "1557"]
[BlackElo "1876"]
[PlyCount "88"]
[EventDate "2015.??.??"]

1. d4 d5 2. c4 e6 3. Nc3 Nf6 4. cxd5 exd5 5. Bg5 Nbd7 6. Nf3 c6 7. e3 Be7 8.
Bd3 h6 9. Bh4 O-O 10. Qc2 Re8 11. O-O-O Ne4 12. Bxe7 Qxe7 13. Bxe4 dxe4 14. Nd2
Nf6 15. h3 Bf5 16. f4 Nd5 17. Nxd5 cxd5 18. Qb3 Qd6 19. Kb1 Qa6 20. g4 Bd7 21.
Rc1 Ba4 22. Qa3 Rac8 23. Ka1 Qe2 24. Nb1 Bc6 25. Rhe1 Qf3 26. Rh1 a6 27. Rcf1
Qe2 28. Re1 Qb5 29. Qc3 Bd7 30. Qd2 Rc6 31. Nc3 Qa5 32. Reg1 Rec8 33. h4 b5 34.
Qh2 b4 35. Nb1 Rc2 36. Rg2 b3 37. a3 Bxg4 38. h5 f5 39. Qg3 Rxg2 40. Qxg2 Bf3
41. Qg6 Qd8 42. Rg1 Bg4 43. Qxa6 Bxh5 44. Qxh6 Bg4 1/2-1/2

[Event "Amagermesterskabet 2015"]
[Site "Sundbyoster"]
[Date "2015.09.22"]
[Round "5"]
[White "Hellegaard, Dennis"]
[Black "Petersen, Nils"]
[Result "0-1"]
[WhiteElo "1859"]
[BlackElo "1906"]
[PlyCount "126"]
[EventDate "2015.??.??"]

1. d4 Nf6 2. c4 e6 3. Nf3 Bb4+ 4. Nbd2 d5 5. e3 O-O 6. a3 Be7 7. Bd3 b6 8. O-O
c5 9. dxc5 bxc5 10. e4 dxe4 11. Nxe4 Bb7 12. Qe2 Nbd7 13. Bf4 Nxe4 14. Bxe4
Bxe4 15. Qxe4 Qb6 16. Ne5 Nf6 17. Qe2 Rad8 18. Rfd1 h6 19. h3 Qb7 20. Be3 Qe4
21. Nf3 Nd7 22. Nd2 Qf5 23. b4 cxb4 24. axb4 Bxb4 25. Rxa7 Nc5 26. Nf3 Rxd1+
27. Qxd1 Rc8 28. Nd4 Rd8 29. Qe2 Qe4 30. Nc2 Bc3 31. Na3 Bd4 32. Qh5 g6 33.
Qxh6 Bg7 34. Qg5 Rd1+ 35. Kh2 Be5+ 36. f4 Qxe3 37. Ra8+ Kg7 38. Qxe5+ Qxe5 39.
fxe5 Re1 40. Nb5 Rxe5 41. Nd6 Ne4 42. c5 Nxd6 43. cxd6 Rd5 44. Ra6 Kf6 45. Kg3
e5 46. Kf3 Ke6 47. d7+ Kxd7 48. Ke4 Rc5 49. g4 Ke7 50. Rb6 Kf8 51. Ra6 Kg7 52.
Rb6 f6 53. Rb7+ Kh6 54. Rb6 Rc4+ 55. Kd3 Rf4 56. Ke3 Kg5 57. Rb8 Kh4 58. Rh8+
Kg3 59. Rh6 g5 60. Rh5 Kg2 61. Rh6 Rf3+ 62. Ke4 Kf2 63. Rh8 Rf4+ 0-1

[Event "Amagermesterskabet 2015"]
[Site "Sundbyoster"]
[Date "2015.09.22"]
[Round "5"]
[White "Kibenich, Mikael"]
[Black "Andersen, Peter"]
[Result "0-1"]
[WhiteElo "1461"]
[BlackElo "1471"]
[PlyCount "74"]
[EventDate "2015.??.??"]

1. d4 Nf6 2. c4 g6 3. Bg5 Bg7 4. Nc3 O-O 5. Nf3 d6 6. d5 Nbd7 7. Qc2 a5 8. e3
Nc5 9. h4 Bf5 10. Qd1 Nfe4 11. Rc1 h6 12. Nxe4 Nxe4 13. Bf4 Nc5 14. Nd4 Bd7 15.
Bd3 Nxd3+ 16. Qxd3 c5 17. Nf3 Bg4 18. Nh2 Bd7 19. g4 Rb8 20. Qd2 b5 21. e4 Kh7
22. cxb5 Rxb5 23. Rb1 Qb6 24. b3 a4 25. Be3 axb3 26. axb3 Rxb3 27. Rxb3 Qxb3
28. O-O Ra8 29. Kg2 Ra2 30. Qd1 c4 31. g5 h5 32. Nf3 Ra1 33. Qxb3 cxb3 34. Nd2
Rxf1 35. Kxf1 Bb5+ 36. Ke1 b2 37. Kd1 Bd3 0-1

[Event "Amagermesterskabet 2015"]
[Site "Sundbyoster"]
[Date "2015.09.22"]
[Round "5"]
[White "Haagen Larsen, Hans"]
[Black "Jensen, Jonbert"]
[Result "1-0"]
[WhiteElo "1606"]
[BlackElo "1363"]
[PlyCount "63"]
[EventDate "2015.??.??"]

1. d4 d5 2. Nf3 Nf6 3. Bf4 e6 4. e3 Nc6 5. Nbd2 Bd6 6. Ne5 Bd7 7. Be2 Qe7 8. c3
Ne4 9. Ndf3 f6 10. Nd3 Bxf4 11. Nxf4 O-O-O 12. O-O g5 13. Nd3 h5 14. a4 h4 15.
a5 g4 16. Nd2 Nxd2 17. Qxd2 e5 18. b4 exd4 19. cxd4 g3 20. b5 h3 21. fxg3 hxg2
22. Rf2 Rxh2 23. Rxg2 Rxg2+ 24. Kxg2 Qe4+ 25. Bf3 Bh3+ 26. Kf2 Qf5 27. bxc6 Bg4
28. cxb7+ Kb8 29. Nf4 Bxf3 30. Kxf3 Qe4+ 31. Kf2 Rh8 32. Rg1 1-0

[Event "Amagermesterskabet 2015"]
[Site "Sundbyoster"]
[Date "2015.09.22"]
[Round "5"]
[White "Lontoft, Sven"]
[Black "Frank Nielsen, Marie"]
[Result "0-1"]
[WhiteElo "1619"]
[BlackElo "1926"]
[PlyCount "74"]
[EventDate "2015.??.??"]

1. c4 Nf6 2. Nc3 g6 3. g3 Bg7 4. Bg2 O-O 5. e3 d6 6. Nge2 e5 7. d4 Nc6 8. O-O
a6 9. b3 Rb8 10. Ba3 Re8 11. Rc1 Bd7 12. c5 dxc5 13. dxc5 Qc8 14. Qc2 Bh3 15.
Rfd1 Qg4 16. Nd5 Bxg2 17. Nxf6+ Bxf6 18. Kxg2 e4 19. Nf4 Bg7 20. h3 Qf3+ 21.
Kg1 g5 22. Nd5 Re6 23. Nc3 Rbe8 24. Qe2 Qf5 25. Qg4 Qg6 26. Rd5 h6 27. f4 exf3
28. e4 Nd4 29. h4 gxh4 30. Qxh4 Ne2+ 31. Nxe2 fxe2 32. Rd8 Rxe4 33. Rxe8+ Rxe8
34. Kf2 Qd3 35. Qg4 Qe3+ 36. Ke1 Qg1+ 37. Kd2 e1=Q+ 0-1

[Event "Amagermesterskabet 2015"]
[Site "Sundbyoster"]
[Date "2015.09.22"]
[Round "5"]
[White "Madsen, Michael Leerberg"]
[Black "Moller, Arne Vagn"]
[Result "0-1"]
[WhiteElo "1652"]
[BlackElo "1738"]
[PlyCount "110"]
[EventDate "2015.??.??"]

1. e4 c5 2. Nc3 d6 3. f4 e6 4. Nf3 Nc6 5. Bb5 Bd7 6. O-O a6 7. Be2 g6 8. d3 Bg7
9. Qe1 Nge7 10. Qh4 Qc7 11. Bd2 d5 12. Na4 Nd4 13. Nc3 Bc6 14. Bd1 Nxf3+ 15.
Bxf3 O-O-O 16. exd5 Nf5 17. Qxd8+ Qxd8 18. dxc6 b6 19. Ne4 Nd4 20. Ng5 Qc7 21.
c3 Nxf3+ 22. Rxf3 h6 23. Ne4 Qxc6 24. Rc1 c4 25. Nf2 Rd8 26. d4 Qd5 27. Ng4 Rd7
28. Ne5 Rc7 29. Be3 Kb7 30. b3 Bxe5 31. fxe5 cxb3 32. axb3 g5 33. c4 Qe4 34.
Rcf1 g4 35. Rg3 h5 36. h4 Qd3 37. Bf2 Qg6 38. Be3 Rd7 39. Rf6 Qb1+ 40. Kh2 Qxb3
41. c5 bxc5 42. dxc5 Qd5 43. c6+ Kxc6 44. Bf4 Qc4 45. Ra3 Rd3 46. Rxd3 Qxd3 47.
Rxf7 a5 48. Re7 Qd5 49. Ra7 Kb5 50. Bg3 Kc4 51. Kg1 Kb3 52. Be1 a4 53. Ra5 Qd4+
54. Kf1 Qc4+ 55. Kf2 a3 0-1

[Event "Amagermesterskabet 2015"]
[Site "Sundbyoster"]
[Date "2015.09.22"]
[Round "5"]
[White "Nielsen, Angelo"]
[Black "Petersen, Christian Skibsted"]
[Result "1-0"]
[WhiteElo "1495"]
[BlackElo "1728"]
[PlyCount "91"]
[EventDate "2015.??.??"]

1. d4 Nf6 2. Nf3 d6 3. Bf4 g6 4. e3 Bg7 5. c3 O-O 6. h3 b6 7. Bd3 Bb7 8. Nbd2
Nbd7 9. Qc2 Nh5 10. Bh2 e5 11. g4 Nhf6 12. Rg1 Qe7 13. dxe5 Nxe5 14. Nxe5 dxe5
15. O-O-O c5 16. g5 Nd7 17. h4 f5 18. gxf6 Qxf6 19. Bxg6 Qxh4 20. Bg3 Qh6 21.
Be4 Bxe4 22. Nxe4 Rad8 23. Nd6 Qe6 24. Rh1 Nf6 25. Qb3 Qxb3 26. axb3 Ng4 27.
Ne4 h6 28. Rxd8 Rxd8 29. Rh4 Nf6 30. Nxf6+ Bxf6 31. Rxh6 Kg7 32. Rh1 e4 33. Bh4
Bxh4 34. Rxh4 Re8 35. Rf4 Kg6 36. Kd2 b5 37. Ke2 a5 38. f3 exf3+ 39. Kxf3 Re5
40. Rg4+ Kf7 41. Kf4 Rd5 42. Rg5 Rxg5 43. Kxg5 Ke6 44. Kf4 c4 45. bxc4 bxc4 46.
Ke4 1-0

[Event "Amagermesterskabet 2015"]
[Site "Sundbyoster"]
[Date "2015.09.22"]
[Round "5"]
[White "Pedersen, Ole"]
[Black "Pedersen, Kim Michael"]
[Result "0-1"]
[WhiteElo "1439"]
[BlackElo "1695"]
[PlyCount "76"]
[EventDate "2015.??.??"]

1. Nf3 Nf6 2. d3 d5 3. g3 g6 4. Bg2 Bg7 5. O-O O-O 6. Nbd2 c5 7. Re1 Nc6 8. e4
d4 9. a4 Ng4 10. Nc4 Be6 11. Ng5 Bxc4 12. Qxg4 Ba6 13. Bd2 c4 14. dxc4 Ne5 15.
Qd1 Bxc4 16. f4 h6 17. Nf3 Nxf3+ 18. Qxf3 Qb6 19. b3 Ba6 20. Kh1 Rac8 21. Rac1
Rc6 22. e5 Rfc8 23. c4 Qd8 24. Qf2 R6c7 25. Re4 Rd7 26. c5 Bd3 27. Ree1 Rdc7
28. Ba5 b6 29. Bb4 e6 30. Qd2 Bf5 31. c6 Bf8 32. Bxf8 Kxf8 33. Qb4+ Qe7 34.
Qxe7+ Kxe7 35. b4 Rd8 36. b5 d3 37. Red1 d2 38. Rc4 Bg4 0-1

[Event "Amagermesterskabet 2015"]
[Site "Sundbyoster"]
[Date "2015.09.22"]
[Round "5"]
[White "Rasmussen, Erik Elmer"]
[Black "Svensson, John Michael"]
[Result "1-0"]
[WhiteElo "1066"]
[BlackElo "1477"]
[PlyCount "87"]
[EventDate "2015.??.??"]

1. e4 d5 2. exd5 Qxd5 3. Nc3 Qa5 4. d3 c6 5. f4 Nf6 6. Be2 g6 7. Bd2 Qc7 8. g4
Bg7 9. h3 Nbd7 10. Nf3 Nb6 11. d4 Nfd5 12. Nxd5 Nxd5 13. Qc1 h5 14. g5 Bf5 15.
c4 Nb6 16. Be3 Be4 17. Rf1 Bxf3 18. Rxf3 e6 19. Qd2 a5 20. O-O-O O-O 21. Kb1
Rfd8 22. c5 Nd5 23. Bf2 b5 24. cxb6 Qxb6 25. Rb3 Qc7 26. a4 Rab8 27. Bc4 Qxf4
28. Qxf4 Nxf4 29. Rxb8 Rxb8 30. Bg3 Rb4 31. b3 Nd5 32. Be1 Rb8 33. Bxa5 Ne3 34.
Rc1 Bxd4 35. Ka2 Nd5 36. Bxd5 cxd5 37. Bc7 Rb7 38. a5 Be3 39. Rc6 d4 40. Bb6
Rb8 41. a6 e5 42. a7 Ra8 43. h4 Bf2 44. Rd6 1-0

[Event "Amagermesterskabet 2015"]
[Site "Sundbyoster"]
[Date "2015.09.22"]
[Round "5"]
[White "Rasmussen, Hans Glavind"]
[Black "Sorensen, Johnny"]
[Result "1-0"]
[WhiteElo "1471"]
[BlackElo "1318"]
[PlyCount "47"]
[EventDate "2015.??.??"]

1. b4 d6 2. Bb2 e5 3. e3 Nf6 4. b5 g6 5. d4 Nbd7 6. c4 b6 7. Nf3 e4 8. Nfd2 Bg7
9. Nc3 Bb7 10. Be2 O-O 11. O-O Re8 12. a4 d5 13. Qb3 c6 14. bxc6 Bxc6 15. cxd5
Bb7 16. Bb5 Re7 17. Ba3 Re8 18. d6 Rf8 19. Rac1 a6 20. Bc4 Rc8 21. Bd5 Bxd5 22.
Nxd5 Rxc1 23. Rxc1 Ne8 24. Ne7+ 1-0

[Event "Amagermesterskabet 2015"]
[Site "Sundbyoster"]
[Date "2015.09.22"]
[Round "5"]
[White "Skovgaard, Ib"]
[Black "Tolba, Henri"]
[Result "1/2-1/2"]
[WhiteElo "1978"]
[BlackElo "1633"]
[PlyCount "66"]
[EventDate "2015.??.??"]

1. e4 c5 2. Nf3 Nc6 3. d4 cxd4 4. Nxd4 e5 5. Nb5 a6 6. Nd6+ Bxd6 7. Qxd6 Qf6 8.
Qa3 Qg6 9. Be3 Nge7 10. Nc3 f5 11. O-O-O O-O 12. Bc4+ Kh8 13. Nd5 d6 14. Nxe7
Nxe7 15. Rxd6 Qe8 16. Rhd1 Nc6 17. Bb6 fxe4 18. h3 Bf5 19. g4 Bg6 20. Re6 Qc8
21. Red6 Nd4 22. b3 Nb5 23. Bxb5 axb5 24. Qb2 b4 25. Rd7 e3 26. Bxe3 Ra6 27.
Bh6 gxh6 28. Qxe5+ Raf6 29. c4 Qe8 30. Re7 Qb8 31. Rc7 Qe8 32. Re7 Qb8 33. Rc7
Qe8 1/2-1/2

[Event "Amagermesterskabet 2015"]
[Site "Sundbyoster"]
[Date "2015.09.22"]
[Round "5"]
[White "Sorensen, Ole"]
[Black "Varming, Thomas"]
[Result "1/2-1/2"]
[WhiteElo "1612"]
[BlackElo "1853"]
[PlyCount "32"]
[EventDate "2015.??.??"]

1. d4 Nf6 2. c4 c5 3. Nf3 cxd4 4. Nxd4 Nc6 5. Nc3 g6 6. e4 d6 7. Be2 Bg7 8. Be3
O-O 9. O-O Bd7 10. f4 Nxd4 11. Bxd4 Bc6 12. Bf3 e6 13. Kh1 Qe7 14. Be3 Nd7 15.
Bd4 Nf6 16. Be3 Nd7 1/2-1/2

[Event "Amagermesterskabet 2015"]
[Site "Sundbyoster"]
[Date "2015.09.22"]
[Round "5"]
[White "Tronning, Mark Philip"]
[Black "Nielsen, Bjorn"]
[Result "0-1"]
[WhiteElo "1456"]
[BlackElo "1105"]
[PlyCount "118"]
[EventDate "2015.??.??"]

1. e4 e5 2. Nf3 Nc6 3. Bc4 Bc5 4. b4 Bxb4 5. c3 Be7 6. d4 exd4 7. cxd4 Bh4 8.
O-O Be7 9. Re1 d6 10. Qb3 Be6 11. Bxe6 fxe6 12. Qxe6 Qd7 13. Qxd7+ Kxd7 14. a3
Nh6 15. Bxh6 gxh6 16. Nc3 Raf8 17. Nd5 Bd8 18. Rab1 b6 19. Rbd1 Rhg8 20. e5
Rxf3 21. e6+ Ke8 22. Kf1 Rxa3 23. Rc1 Ne7 24. Nf6+ Kf8 25. Nxg8 Kxg8 26. Re4
Ra5 27. Rce1 Rf5 28. h4 h5 29. Ra1 a5 30. Ra3 d5 31. Rg3+ Kh8 32. Ree3 c6 33.
Ke2 Bc7 34. Rh3 b5 35. f3 a4 36. g4 hxg4 37. fxg4 Rf4 38. g5 Re4 39. Kd3 Rxe3+
40. Rxe3 Bd6 41. Rf3 Kg8 42. h5 c5 43. h6 c4+ 44. Kc3 b4+ 45. Kb2 a3+ 46. Kb1
b3 47. Rf7 a2+ 48. Kb2 c3+ 49. Ka1 Bb4 50. Rg7+ Kh8 51. Rf7 Ba3 52. Rf8+ Ng8
53. Rf2 Bb2+ 54. Rxb2 cxb2+ 55. Kxb2 Ne7 56. Ka1 Kg8 57. Kb2 Kf8 58. Ka1 Ng6
59. Kb2 Ke7 0-1

[Event "Amagermesterskabet 2015"]
[Site "Sundbyoster"]
[Date "2015.09.29"]
[Round "6"]
[White "Gade, Jens"]
[Black "Kjemtrup, Niels Moller"]
[Result "1-0"]
[WhiteElo "1390"]
[BlackElo "1286"]
[PlyCount "147"]
[EventDate "2015.??.??"]

1. e4 g6 2. d4 Nf6 3. Nc3 d5 4. e5 Ne4 5. Nxe4 dxe4 6. f3 e6 7. fxe4 Qh4+ 8.
Ke2 Qxe4+ 9. Be3 Bh6 10. Qd3 Qxd3+ 11. Kxd3 Bxe3 12. Kxe3 Nc6 13. Nf3 O-O 14.
c3 Bd7 15. Nd2 a5 16. Ne4 Kg7 17. Bd3 b6 18. Rhf1 Bc8 19. Rf3 Ba6 20. Raf1 Nd8
21. h4 c5 22. Bxa6 Rxa6 23. dxc5 b5 24. Nf6 Ra7 25. h5 Rc7 26. Rh1 Nc6 27. hxg6
Nxe5 28. Rxh7+ Kxg6 29. Rf1 Ng4+ 30. Nxg4 Kxh7 31. b4 axb4 32. cxb4 f5 33. Ne5
Ra7 34. Rf2 Ra4 35. Rb2 Kh6 36. Kf4 Kh5 37. Nf3 Rg8 38. Ke5 Re8 39. Nd4 Kg6 40.
Nxb5 f4 41. Nd4 Ra3 42. Nc6 Kg5 43. b5 Re3+ 44. Kd6 Rd3+ 45. Kc7 e5 46. b6 Rc3
47. b7 Rxc5 48. Kd6 Rc3 49. b8=Q Rxb8 50. Nxb8 e4 51. Ke5 e3 52. Ke4 Kg4 53.
Nd7 Rc7 54. Nf6+ Kg3 55. Nd5 Rc4+ 56. Kd3 Rc1 57. Nxe3 Re1 58. Nf5+ Kg4 59. Nd4
Re3+ 60. Kc4 Re8 61. a4 Ra8 62. Kb4 Rd8 63. Nc6 Rc8 64. Kb5 Kg3 65. Kb6 Rh8 66.
a5 Rh2 67. a6 Rxg2 68. Rxg2+ Kxg2 69. a7 f3 70. a8=Q f2 71. Nd4+ Kg1 72. Nf3+
Kf1 73. Qa6+ Kg2 74. Nd2 1-0